別の市区町村名が名前に入っている駅(関東編) - Statistics

General Stats
  • This quiz has been taken 14 times
    12 since last reset
  • The average score is 164 of 297
Answer Stats
Hint 駅のある都道府県 Answer % Correct
埼玉県小川町 東京都 | 熊本県 小川
100%
茨城県古河市 埼玉県 新古河
90%
茨城県那珂市 茨城県 那珂湊
90%
栃木県佐野市 大阪府 泉佐野
90%
栃木県那須町 栃木県 那須塩原
90%
香川県 太田
90%
東京都 上野
90%
三重県 上野市
90%
群馬県草津町 広島県 | 滋賀県 草津
90%
群馬県高山村 岐阜県 高山
90%
群馬県昭和村 神奈川県 昭和
90%
群馬県大泉町 三重県 | 富山県 | 福島県 大泉
90%
長野県 富士見
90%
埼玉県ふじみ野市 埼玉県 ふじみ野
90%
埼玉県伊奈町 愛知県 伊奈
90%
東京都 小川町
90%
広島県 府中
90%
茨城県桜川市 大阪府 | 滋賀県 桜川
80%
大阪府 河内長野
80%
千葉県 八千代中央
80%
栃木県さくら市 秋田県 井川さくら
80%
群馬県沼田市 北海道 石狩沼田
80%
福島県 富岡
80%
茨城県 みどりの
80%
群馬県上野村 三重県 伊賀上野
80%
東京都 上野御徒町
80%
山梨県 上野原
80%
滋賀県 南草津
80%
大阪府 千代田
80%
東京都 大泉学園
80%
埼玉県狭山市 大阪府 大阪狭山市
80%
大阪府 狭山
80%
埼玉県志木市 埼玉県 志木
80%
東京都 富士見ヶ丘
80%
埼玉県吉見町 山口県 吉見
80%
千葉県市川市 山梨県 市川大門
80%
大阪府 野田
80%
千葉県我孫子市 大阪府 我孫子
80%
千葉県鴨川市 香川県 鴨川
80%
千葉県浦安市 鳥取県 浦安
80%
千葉県一宮町 香川県 一宮
80%
愛知県 尾張一宮
80%
千葉県長柄町 奈良県 長柄
80%
東京都品川区 東京都 品川
80%
東京都目黒区 東京都 目黒
80%
群馬県 | 長野県 中野
80%
東京都豊島区 愛知県 豊島
80%
東京都府中市 大阪府 和泉府中
80%
香川県 讃岐府中
80%
東京都小金井市 栃木県 小金井
80%
滋賀県 | 長野県 日野
80%
東京都 多摩川
80%
北海道 瑞穂
80%
岐阜県 大島
80%
神奈川県横浜市 青森県 陸奥横浜
80%
神奈川県三浦市 岡山県 三浦
80%
神奈川県厚木市 神奈川県 厚木
80%
茨城県 大和
80%
奈良県 大和高田
80%
神奈川県綾瀬市 東京都 綾瀬
80%
東京都 北綾瀬
80%
神奈川県葉山町 神奈川県 逗子・葉山
80%
神奈川県中井町 東京都 中井
80%
山形県 清川
80%
茨城県笠間市 石川県 加賀笠間
70%
千葉県 上総牛久
70%
神奈川県 東海大学前
70%
大阪府 河内小阪
70%
茨城県八千代町 千葉県 八千代台
70%
千葉県 八千代緑が丘
70%
静岡県 駿河小山
70%
栃木県塩谷町 北海道 塩谷
70%
栃木県 西那須野
70%
群馬県太田市 福島県 磐城太田
70%
愛知県 太田川
70%
群馬県藤岡市 栃木県 藤岡
70%
東京都 上野広小路
70%
群馬県 長野原草津口
70%
群馬県玉村町 茨城県 玉村
70%
埼玉県川越市 三重県 川越富洲原
70%
新潟県 越後川口
70%
埼玉県戸田市 愛知県 戸田
70%
東京都 富士見台
70%
千葉県船橋市 東京都 千歳船橋
70%
千葉県野田市 山口県 小野田
70%
千葉県勝浦市 和歌山県 紀伊勝浦
70%
千葉県市原市 京都府 市原
70%
愛知県 名鉄一宮
70%
東京都新宿区 東京都 南新宿
70%
千葉県 上総中野
70%
東京都 豊島園
70%
東京都荒川区 茨城県 荒川沖
70%
東京都板橋区 東京都 板橋
70%
東京都練馬区 東京都 東武練馬
70%
東京都武蔵野市 東京都 武蔵野台
70%
東京都調布市 東京都 田園調布
70%
東京都日の出町 東京都 日の出
70%
神奈川県横須賀市 愛知県 尾張横須賀
70%
東京都 大井町
70%
茨城県高萩市 埼玉県 武蔵高萩
60%
大阪府 河内磐船
60%
大阪府 河内永和
60%
大阪府 河内国分
60%
大阪府 河内花園
60%
大阪府 河内松原
60%
大阪府 河内森
60%
大阪府 河内山本
60%
和歌山県 紀伊佐野
60%
兵庫県 さくら夙川
60%
茨城県 常陸太田
60%
岐阜県 美濃太田
60%
群馬県みどり市 長野県 みどり湖
60%
千葉県 みどり台
60%
三重県 伊勢上野
60%
山梨県 甲斐上野
60%
東京都 京成上野
60%
大阪府 | 香川県 昭和町
60%
東京都千代田区 | 群馬県千代田町 千葉県 芝山千代田
60%
埼玉県羽生市 新潟県 羽生田
60%
大阪府 吉見ノ里
60%
埼玉県美里町 長野県 美里
60%
千葉県千葉市 千葉県 千葉ニュータウン中央
60%
千葉県習志野市 千葉県 北習志野
60%
大阪府 我孫子町
60%
東京都渋谷区 神奈川県 高座渋谷
60%
大阪府 駒川中野
60%
大阪府 針中野
60%
東京都江戸川区 千葉県 江戸川台
60%
東京都 江戸川橋
60%
東京都立川市 愛媛県 伊予立川
60%
東京都 花小金井
60%
東京都国分寺市 長野県 信濃国分寺
60%
東京都国立市 東京都 西国立
60%
山梨県 甲斐大島
60%
神奈川県鎌倉市 三重県 伊勢鎌倉
60%
神奈川県藤沢市 埼玉県 武蔵藤沢
60%
神奈川県大和市 山梨県 甲斐大和
60%
奈良県 大和上市
60%
奈良県 大和西大寺
60%
奈良県 大和新庄
60%
奈良県 大和八木
60%
東京都 大井競馬場前
60%
東京都 西大井
60%
東京都 箱根ヶ崎
60%
茨城県東海村 熊本県 東海学園前
50%
大阪府 河内天美
50%
大阪府 河内堅上
50%
大阪府 東佐野
50%
山形県 さくらんぼ東根
50%
栃木県下野市 栃木県 下野大沢
50%
栃木県高根沢町 栃木県 芳賀・高根沢工業団地
50%
神奈川県 南太田
50%
埼玉県川口市 福島県 会津川口
50%
徳島県 阿波川口
50%
高知県 土佐上川口
50%
埼玉県 狭山ヶ丘
50%
埼玉県鴻巣市 茨城県 常陸鴻巣
50%
埼玉県富士見市 東京都 中野富士見町
50%
神奈川県 | 鳥取県 富士見町
50%
福島県 小川郷
50%
青森県 陸奥市川
50%
大阪府 北野田
50%
岩手県 野田玉川
50%
大阪府 野田阪神
50%
千葉県 習志野
50%
大阪府 我孫子前
50%
大阪府 我孫子道
50%
東京都中野区 広島県 安芸中野
50%
長野県 信州中野
50%
神奈川県 中野島
50%
広島県 中野東
50%
東京都 下板橋
50%
神奈川県 箱根板橋
50%
東京都青梅市 東京都 青梅街道
50%
東京都多摩市 東京都 和泉多摩川
50%
東京都 奥多摩
50%
東京都 多摩境
50%
東京都 多摩動物公園
50%
愛知県 瑞穂運動場西
50%
愛知県 瑞穂運動場東
50%
東京都大島町 長野県 伊那大島
50%
愛知県 高横須賀
50%
東京都 東大和市
50%
奈良県 大和朝倉
50%
大阪府 大和川
50%
奈良県 大和小泉
50%
奈良県 大和二見
50%
栃木県小山市 岩手県 小山田
40%
栃木県 下野花岡
40%
宮崎県 東高崎
40%
秋田県 羽後太田
40%
群馬県富岡市 神奈川県 京急富岡
40%
大阪府 上野芝
40%
三重県 豊津上野
40%
広島県 草津南
40%
東京都 昭和島
40%
北海道 昭和橋
40%
山梨県 甲斐大泉
40%
大阪府 安治川口
40%
三重県 伊勢川口
40%
岩手県 岩手川口
40%
京都府 上川口
40%
北海道 清川口
40%
北海道 野田生
40%
愛知県 野田新町
40%
千葉県成田市 山形県 羽前成田
40%
愛知県 西一宮
40%
岡山県 備前一宮
40%
愛知県 三河一宮
40%
山梨県 日野春
40%
東京都 多摩湖
40%
東京都瑞穂町 北海道 西瑞穂
40%
愛知県 瑞穂区役所
40%
新潟県 越後大島
40%
神奈川県川崎市 高知県 江川崎
40%
愛知県 上横須賀
40%
神奈川県二宮町 石川県 能登二宮
40%
神奈川県大井町 三重県 伊勢大井
40%
神奈川県松田町 大阪府 松田町
40%
神奈川県清川村 千葉県 上総清川
40%
大阪府 JR河内永和
40%
茨城県牛久市 愛知県 牛久保
30%
愛知県 東海通
30%
栃木県野木町 福島県 野木沢
30%
群馬県高崎市 宮崎県 高崎新田
30%
神奈川県 相模沼田
30%
愛知県 富岡前
30%
岐阜県 白川口
30%
埼玉県本庄市 広島県 備後本庄
30%
島根県 戸田小浜
30%
埼玉県吉川市 秋田県 峰吉川
30%
埼玉県三芳町 愛媛県 伊予三芳
30%
大分県 豊後三芳
30%
茨城県 上小川
30%
茨城県 下小川
30%
山梨県 市川本町
30%
千葉県野田市 山口県 小野田港
30%
鹿児島県 北永野田
30%
山口県 南小野田
30%
岩手県 陸中野田
30%
静岡県 遠江一宮
30%
茨城県 大田郷
30%
宮城県 中野栄
30%
群馬県 本中野
30%
岩手県 陸中中野
30%
東京都日野市 滋賀県 朝日野
30%
三重県 西日野
30%
埼玉県 武州日野
30%
東京都 京王多摩川
30%
新潟県 ほくほく大島
30%
群馬県 前橋大島
30%
福岡県 豊前川崎
30%
東京都 武蔵大和
30%
千葉県 東清川
30%
大分県 豊後清川
30%
長崎県 三河内
20%
長崎県 八千代町
20%
岩手県 小佐野
20%
新潟県 魚沼田中
20%
長崎県 昭和町通
20%
高知県 土佐昭和
20%
埼玉県深谷市 三重県 下深谷
20%
埼玉県久喜市 青森県 大久喜
20%
鹿児島県 野田郷
20%
愛知県 野田城
20%
東京都大田区 長野県 大田切
20%
青森県 小中野
20%
富山県 西中野
20%
東京都 南多摩
20%
東京都三宅村 京都府 三宅八幡
20%
岐阜県 郡上大和
20%
長野県 中井侍
20%
山口県 長門大井
20%
茨城県河内町 山口県 大河内
10%
大分県 杉河内
10%
群馬県 佐野のわたし
10%
長野県 太田部
10%
岐阜県 関富岡
10%
広島県 舟入川口町
10%
高知県 大田口
10%
長野県 中野松川
10%
東京都杉並区 北海道 杉並町
10%
静岡県 奥大井湖上
10%
No matching quizzes found
Score Distribution
Percent of People with Each Score
Percentile by Number Answered
Your Score History
You have not taken this quiz since the last reset